01200nam a22002297a 45000010005000000030006000050050017000110080041000280200018000690400029000870500019001160820010001351000031001452450049001762600058002253000042002835050007003255200571003325210018009035210018009216500031009398816FISKH20251021162735.0251021b cb ||||| |||| 00| 0 eng d a9780194790826 aFISKHbengcFISKHdFISKH aPE1126.A4 B376 a428.6 aBassett, Jennifer eAuthor aChanging their skies :bStories from Africa  aGreat Clarendon Street : bOxford University , c2008 a55 pages : billustrations ; c20 cm  aM  a"Then a letter came for Aloo from a famous college in America. They offered him a place . . . a place with a scholarship. Aloo could not believe it at first. He read the letter again and again." Aloo is very happy, but soon he finds that it is not so easy. He will need money to live on, moneyfor his plane ticket . . . And then there is Mother . . .Bookworms World Stories collect stories written in English from around the world. This volume has stories from Malawi, South Africa, and Tanzania by African writers Steve Chimombo, Farida Karodia, and M. G. Vassanji.8 a660 bLexile 8 aM bRaz-Plus  aAfrican culturevAdventure